000 00983nam a2200289Ia 4500
003 IN-BaIIA
008 211028s9999 xx s 000 0 eng d
020 _a978-3-540-62551-3 (Print)
020 _a978-3-540-68068-0 (Online)
022 _a0075-8450 (Print)
022 _a1616-6361 (Online)
040 _cIIA Library
100 _aPan, Xing-Wang, ed.
_939808
245 0 _aContemporary Nuclear Shell Models
_h[eBook]
260 _aHeidelberg, Berlin
_bSpringer Berlin Heidelberg
_c1997
300 _aOnline resource
490 _aLecture Notes in Physics
650 _a Mathematical Methods in Physics
650 _a Nuclear Fusion
_914733
650 _a Nuclear Physics, Heavy Ions, Hadrons
_938413
650 _a Numerical and Computational Physics, Simulation
650 _aPhysics
_973
700 _aFeng, Da Hsuan, ed.
_918694
700 _aVallieres, Michel, ed.
_939809
856 _uhttp://doi.org/10.1007/BFb0104359
_yClick Here to Access eBook
942 _cEB
999 _c21541
_d21541